|
|
|
|
| LEADER |
01961aam a2200493 a 4500 |
| 001 |
nkc20051582723 |
| 003 |
CZ PrNK |
| 005 |
20110202103005.0 |
| 007 |
ta |
| 008 |
050920s2005 xr a f c 000 0 cze |
| 015 |
|
|
|a cnb001582723
|
| 020 |
|
|
|a 80-903662-1-X
|q (brož.)
|
| 035 |
|
|
|a (OCoLC)85162714
|
| 040 |
|
|
|a BOA001
|b cze
|d ABA001
|
| 043 |
|
|
|a e-xr---
|
| 045 |
|
|
|a x9y0
|
| 072 |
|
7 |
|a 73
|x Sochařství, keramika, porcelán, umělecké zpracování kovů
|2 Konspekt
|9 21
|
| 080 |
|
|
|a 737.1
|2 MRF
|
| 080 |
|
|
|a 737.2
|2 MRF
|
| 080 |
|
|
|a (437.3)
|2 MRF
|
| 080 |
|
|
|a (048.8)
|2 MRF
|
| 080 |
|
|
|a (083.81)
|2 MRF
|
| 100 |
1 |
|
|a Moravec, Jaroslav,
|d 1966-
|7 jx20040721039
|4 aut
|
| 245 |
1 |
0 |
|a České mince 1993-2005 a medaile České mincovny 1993-2005 /
|c Jaroslav Moravec
|
| 246 |
3 |
0 |
|a Medaile České mincovny 1993-2005
|
| 250 |
|
|
|a 7., dopl. a rozš. vyd.
|
| 260 |
|
|
|a Brno :
|b Merkur Revue ;
|a Jablonec nad Nisou :
|b Ornela,
|c 2005
|
| 300 |
|
|
|a 217 s. :
|b il. ;
|c 21 cm
|
| 520 |
|
|
|a Kniha pojednává o českých mincí vydaných v letech 1993-2005 a medailích z let 1993-2005. Kniha je rozdělena na obecnou část pojednávající o výrobě mincí, povrchových úpravách a ražebních provedení. Druhá část je katalogová s popisem a fotografiemi jednotlivých druhů mincí
|
| 610 |
2 |
7 |
|a Bižuterie Česká mincovna
|7 kn20051118034
|2 czenas
|
| 648 |
|
4 |
|a 1993-2005
|
| 650 |
0 |
7 |
|a mince
|7 ph115319
|z Česko
|y 1993-2005
|2 czenas
|
| 650 |
0 |
7 |
|a medaile
|7 ph115253
|z Česko
|y 1993-2005
|2 czenas
|
| 650 |
0 |
9 |
|a coins
|z Czechia
|y 1993-2005
|2 eczenas
|
| 650 |
0 |
9 |
|a medals
|z Czechia
|y 1993-2005
|2 eczenas
|
| 655 |
|
7 |
|a přehledy
|7 fd133202
|2 czenas
|
| 655 |
|
7 |
|a katalogy
|7 fd132535
|2 czenas
|
| 655 |
|
9 |
|a surveys
|2 eczenas
|
| 655 |
|
9 |
|a catalogs
|2 eczenas
|
| 910 |
2 |
|
|a BOA001
|b 2-1158.441
|
| 990 |
|
|
|a BK
|
| 995 |
|
|
|a 01
|
| 991 |
|
|
|b 200510
|c NOV
|
| 996 |
6 |
|
|b 2610260597
|c 2-1158.441
|l MZK
|r Sklad / do 1 hodiny
|n 7
|p p.v.
|w 000791302
|u 000020
|a 1
|e BOA001
|j MZK50
|s P
|